| 000 | 00999nam a2200301 a 4500 | ||
|---|---|---|---|
| 003 | BLK | ||
| 005 | 20250618163143.0 | ||
| 008 | 180412b bul rap|r|||| r0| ||bulo| | ||
| 020 | _a9781646511877 | ||
| 040 | _aBLK | ||
| 041 |
_aENG _cENG |
||
| 080 |
_aИздания за деца и юноши. Книжки-картинки. Читанки. Вж и 372.4 _b087.5 _z087.5 |
||
| 080 |
_aКарикатура. Комикс _b741.5 _z741.5 |
||
| 139 | _bJ 93 | ||
| 245 | 1 | 0 |
_aStar-crossed!! 1 _bComics _ctext, ill. Junko, Mohit Dhiman; transl. Barbara Vincent, Amimaru |
| 260 |
_bKodansha Comics _c2021 _9493049 _aNew York |
||
| 300 |
_a163 p. _bill. _c20 см |
||
| 380 | _aDN | ||
| 650 | 4 |
_aКомикси - издания за деца _9282145 |
|
| 653 | _aкомикси | ||
| 856 | 4 |
_qpdf _u |
|
| 856 | 4 |
_qpdf _u |
|
| 942 |
_cKNG _n0 _04 |
||
| 944 |
_cНора Радева _k30543 _lИва Цветкова _a30545 |
||
| 999 |
_c511938 _d511938 |
||
| 999 | _d511933 | ||
| 999 | _d511930 | ||
| 999 | _d208707 | ||